[Event "Tata Steel Tienkampen 2023"]
[Site "Wijk aan Zee"]
[Date "2023.01.29"]
[Round "9.5"]
[White "Culum, Sanjin"]
[Black "Martins, Vinicius Tine"]
[Result "1-0"]
[WhiteElo "2242"]
[BlackElo "2320"]
[Annotator "TA"]
[PlyCount "107"]
[EventDate "2023.01.20"]
[EventType "swiss"]
[EventCountry "NED"]
[SourceTitle "playchess.com"]
[Source "ChessBase"]
[SourceQuality "1"]

{[%evp 18,107,15,20,24,16,25,0,8,0,23,-8,-4,-10,10,-19,8,0,0,-40,-27,-29,-35,-77,-84,-96,-77,-108,-101,-118,-110,-117,-124,-191,-197,-206,-198,-397,-426,-410,-371,-647,-649,-685,-173,-172,-112,-102,-104,-113,-114,-127,-105,-114,-78,-260,-84,-91,-59,-76,0,0,0,0,2,2,8,2,3,0,292,287,292,62,60,51,247,51,253,239,237,72,288,287,272,250,330,330,330,330,330,326]} 1. e4 {[%emt 0:00:03]} e5 {[%emt 0:00:32]} 2. Nf3 {[%emt 0:00:04]} Nc6 {[%emt 0:00:09]} 3. Bc4 {[%emt 0:00:21]} Bc5 {[%emt 0:00:09]} 4. c3 {[%emt 0:00:04]} Nf6 {[%emt 0:00:10]} 5. d3 {[%emt 0:00:03]} a6 {[%emt 0:00:33]} 6. a4 {[%emt 0:00:09]} Ba7 {[%emt 0:01:02]} 7. O-O {[%emt 0:00:07]} d6 {[%emt 0:00:12][%cal Bd7d6,Bd6d5][%mdl 32]} 8. Re1 {[%emt 0:00:10]} O-O {[%emt 0:00:50]} 9. h3 {[%emt 0:00:06]} Ne7 {[%emt 0:03:26]} 10. Nbd2 $1 {[%emt 0:01:13][%cal Bb1d2,Bd2f1,Bf1g3][%mdl 32]} Ng6 {[%emt 0:00:26][%cal Oc8h3] C54: Giuoco Piano: 4 c3 Nf6, main lines with 5 d4 and 5 d3.} 11. Nf1 $1 {[%emt 0:00:29] 11.Nf1 scores better than 11.d4.} c6 {[%emt 0:00:47]} 12. Ng3 {[%emt 0:01:54]} d5 {[%emt 0:02:40] The position is equal.} (12... Qb6 13. d4 $14) 13. Bb3 {[%emt 0:00:59]} h6 {[%emt 0:08:06]} (13... Qb6 14. Be3 Qc7 15. Bxa7 Rxa7 16. d4 $16) (13... Be6 $5 {[%cal Rd8b6]}) 14. Be3 {[%emt 0:02:27]} Bxe3 {[%emt 0:05:34]} 15. Rxe3 {[%emt 0:00:21]} Re8 {[%emt 0:07:15] [#]} 16. Qc2 $146 {[%emt 0:01:08]} ({Predecessor:} 16. d4 Nxe4 17. Nxe4 dxe4 18. Nxe5 Nxe5 19. dxe5 Bf5 20. Qh5 g6 21. Qxh6 Rxe5 22. Rd1 {1-0 Zierk,S (2499)-Tomashevsky,E (2706) Titled Tuesday intern op 02nd Mar blitz 2021 (9)}) 16... Be6 {[%emt 0:05:43]} 17. exd5 {[%emt 0:03:43]} Nxd5 {[%emt 0:02:49]} 18. Ree1 {[%emt 0:00:44]} Ndf4 {[%emt 0:06:17]} 19. d4 {[%emt 0:03:04]} exd4 {[%emt 0:31:31]} 20. Nxd4 {[%emt 0:00:11]} Nh4 $1 {[%emt 0:06:16]} 21. Nxe6 {[%emt 0:09:31]} fxe6 {[%emt 0:00:18]} 22. Qd1 {[%emt 0:15:16]} Nhxg2 {[%emt 0:05:10]} 23. Qxd8 {[%emt 0:01:13]} Raxd8 {[%emt 0:00:16][%cal Ba8d8,Bd8d2,Bd2b2][%mdl 32]} 24. Re4 {[%emt 0:00:32]} Rd2 {[%emt 0:01:14]} (24... Nxh3+ $2 25. Kxg2 Ng5 26. Re2 $18) 25. Rd1 {[%emt 0:04:24]} (25. Rb1 $17 {was necessary.}) 25... Rxb2 $19 {[%emt 0:08:49]} 26. Rb4 {[%emt 0:00:09][%cal Ob3e6]} Kh8 {[%emt 0:03:09]} ({Resist} 26... Nxh3+ 27. Kxg2 Nxf2 28. Bxe6+ Kh8 29. Rd7 (29. Rxb2 Nxd1 30. Rd2 Ne3+ 31. Kf3 Rxe6 $11) 29... Rxb4 30. cxb4 Rxe6 31. Kxf2 $16) 27. Rxb7 $2 {[%emt 0:03:35]} (27. Rd7) 27... Nh4 {[%emt 0:00:14]} ({Stronger than} 27... Nxh3+ 28. Kxg2 Nxf2 29. Rdd7 Nd3+ 30. Kh3 $15) 28. Ne4 {[%emt 0:04:30]} Nf3+ {[%emt 0:04:35]} (28... Nxh3+ $2 {too greedy.} 29. Kh2 Ng5 30. Nxg5 hxg5 31. a5 $19) 29. Kh1 $2 {[%emt 0:00:21]} (29. Kf1 Rf8 30. h4) 29... Re2 {[%emt 0:01:52]} 30. Rb4 {[%emt 0:00:27]} Nxh3 $2 {[%emt 0:00:37] A dynamic duo of knights.} (30... a5 31. Rc4 Rb2) 31. Kg2 {[%emt 0:00:34]} Nfg5 {[%emt 0:00:15]} (31... Rf8 $1 $19 32. Kxh3 a5 {[%mdl 64] Remove Defender, Decoy}) 32. Nxg5 $17 {[%emt 0:00:23]} Nxg5 {[%emt 0:00:02]} 33. Bc4 {[%emt 0:00:23][%csl LRa6,LRe2]} Rc2 {[%emt 0:01:20] Hoping for ...Rf8.} 34. Bxa6 {[%emt 0:00:04]} Rf8 $1 {[%emt 0:00:19]} 35. Rf1 {[%emt 0:00:21]} Rxc3 {[%emt 0:00:16]} 36. Bb7 $2 {[%emt 0:00:36]} (36. f4 $17 Nh3 37. a5) 36... Rb8 $2 {[%emt 0:01:01]} (36... Nh3 $19 {Threatens to win with ...Nf4+.} 37. Rh4 Nf4+ 38. Kh1 h5) 37. Rfb1 {[%emt 0:00:04]} Rc5 {[%emt 0:00:13]} 38. Rb6 {[%emt 0:00:25]} Nf7 {[%emt 0:03:03]} (38... Rc2 $17 39. R1b2 Rc5) 39. Bxc6 $11 {[%emt 0:00:10]} Rxb6 {[%emt 0:01:39]} 40. Rxb6 {[%emt 0:00:05][%mdl 4096] Endgame KRB-KRN} g5 {[%emt 0:00:33]} 41. Bb5 {[%emt 0:00:20] With the idea a5.} Kg7 {[%emt 0:04:45]} 42. a5 {[%emt 0:01:45] a6 would be deadly.} Nd6 {[%emt 0:06:30][%mdl 64] Dodges a6. Deflection} 43. Be2 {[%emt 0:00:23]} Rxa5 $2 {[%emt 0:03:31][%mdl 8192]} 44. Rxd6 {[%emt 0:00:04] KRB-KR} Kf6 {[%emt 0:00:30]} 45. Bc4 $2 {[%emt 0:00:03]} ({White must play} 45. Bg4 $18) 45... Re5 $14 {[%emt 0:00:13]} 46. Ra6 {[%emt 0:00:52]} Re4 $2 {[%emt 0:00:38]} (46... h5 $14) 47. Bb3 $2 {[%emt 0:00:17]} (47. Bd5 $1 $18 {[%cal Rd5e4]} Re1 48. Bf3) 47... Re5 {[%emt 0:00:13] [#]} (47... h5 $14) 48. Bd1 $1 $18 {[%emt 0:00:49]} Re4 {[%emt 0:00:47] [#]} 49. Bf3 {[%emt 0:00:10]} (49. Kg3 $1 $18 {is the precise move to win.}) 49... Re5 $2 {[%emt 0:00:23]} (49... Rd4 $16 {keeps fighting.}) 50. Bg4 {[%emt 0:00:03]} Re4 {[%emt 0:00:16]} 51. f3 {[%emt 0:01:03]} Re5 {[%emt 0:00:17]} 52. Kf2 {[%emt 0:00:03] White has a decisive advantage.} Kf7 {[%emt 0:00:14]} 53. Bh5+ {[%emt 0:00:10]} Kf6 {[%emt 0:00:14]} 54. Ra7 {[%emt 0:00:24] Never resign too early!   Weighted Error Value: White=0.44/Black=0.60} 1-0